Basic concepts of environmental economics / (Record no. 87638)

MARC details
000 -LEADER
fixed length control field 00677nam a22002057a 4500
005 - DATE AND TIME OF LATEST TRANSACTION
control field 20230302134705.0
010 ## - LCCN (DPL NO)
LC control number ENG-110618 ENG-136286
020 ## - INTERNATIONAL STANDARD BOOK NUMBER
International Standard Book Number 9789350533383
Terms of availability 1000.00
035 ## - SYSTEM CONTROL NUMBER
System control number EN-94150 EN-119818
037 ## - SOURCE OF ACQUISITION
Source of stock number/acquisition DBAD/PUB
082 ## - DEWEY DECIMAL CLASSIFICATION NUMBER
Classification number 333.7
100 ## - MAIN ENTRY--PERSONAL NAME
Personal name Chudasma, Y.M.
245 ## - TITLE STATEMENT
Title Basic concepts of environmental economics /
Statement of responsibility, etc by Y.M. Chudasma [and] S.J. Jhala
260 ## - PUBLICATION, DISTRIBUTION, ETC. (IMPRINT)
Place of publication, distribution, etc New Delhi
Name of publisher, distributor, etc Cyber Tech Publications
Date of publication, distribution, etc 2014
270 ## - ADDRESS
City New Delhi
Address 4264/3, Ansari Road, Daryaganj
Postal code 110002
300 ## - PHYSICAL DESCRIPTION
Extent v,256p.
Dimensions 22cm(Hb)
500 ## - GENERAL NOTE
General note Includes bibliographical references and index
700 ## - ADDED ENTRY--PERSONAL NAME
Personal name Jhala, S.J.
942 ## - ADDED ENTRY ELEMENTS (KOHA)
Source of classification or shelving scheme Dewey Decimal Classification
Item type English Books
Call number suffix CHU
Classification part 333.7
Holdings
Withdrawn status Lost status Not for loan Collection code Home library Current library Date acquired Source of acquisition Cost, normal purchase price Full call number Barcode Copy number Cost, replacement price Koha item type
      Non-fiction Ashok Vihar Ashok Vihar 02/03/2023 DBAD/PUB 1000.00 333.7 CHU EN-119818 1   English Books
    Not For Loan Non-fiction D.B.Act.Division D.B.Act.Division 06/08/2014 DBAD/PUB 1000.00 333.7 CHU EN-94150 1 1000.00 English Books

© Delhi Public Library
Hit Counter
free hit counter